| 000 | 00360nam a22001457a 4500 | ||
|---|---|---|---|
| 020 | _qPB. | ||
| 040 | _cFIZZA ISHAQ | ||
| 082 |
_a005.74 _bTHO |
||
| 100 |
_aBEGG,CAROLYN CONNOLLY THOMAS. _989648 |
||
| 245 |
_aDATA BASE SYSTEMS / _cTHOMAS CONNOLLY CAROLYN BEGG. |
||
| 250 | _a6th ED. | ||
| 260 |
_aPEARSON ; _c2015. |
||
| 300 | _a1329 P. ; | ||
| 942 |
_2ddc _cBK |
||
| 999 |
_c588282 _d588282 |
||